| 000 | 00755nam a2200229Ia 4500 | ||
|---|---|---|---|
| 003 | CO-CtgCURN | ||
| 005 | 20250410150523.0 | ||
| 008 | 190723s9999 xx 000 0 und d | ||
| 020 | _a9706135235 | ||
| 040 |
_aCO-CtgCURN _bspa _ccoctgcurn |
||
| 082 |
_a345.02 _bC289t |
||
| 100 |
_aCarnelutti, Francesco _d1879-1965 |
||
| 245 | 0 |
_aTeoría general del delito / _cFrancesco Carnelutti; traducción., Victor Conde |
|
| 260 |
_aMéxico : _bOxford, _c2000 |
||
| 300 |
_a226 páginas ; _c24 centímetros |
||
| 521 | _aAREA PROFESIONAL | ||
| 590 | _aPrograma de Derecho_18 | ||
| 650 | _aDelitos | ||
| 650 | _aDerecho penal | ||
| 942 |
_cBK _h345.02 _iC289t _2ddc _n0 |
||
| 999 |
_c28806 _d28806 |
||